000 01140nam a22002897a 4500
999 _c160339
_d160339
005 20190401124536.0
010 _aB-713100 B-719518
020 _a9780007583195
_c1195.00
035 _aB-713100
035 _aB-719518
037 _bRK Books
037 _bAksharesh Enterprises
082 _a301
100 _aHaralambos, Michael
245 _aSociology themes and perspectives /
_cby Michael Haralambos et al.
250 _a8th ed.
260 _aLondon, UK
_bHarper Collins
_c2018
270 _aI London Bridge Street
_bLondon, UK
300 _a1098p.:
_c25cm(pbk)
_bill.
500 _aIncludes bibliographical references & index
700 _aHolborn, Martin
700 _aChapman, Steve
700 _aMoore, Stephen
942 _2ddc
_cEN
_mSOC
_h301